[Event "Mortara op 4th"]
[Site "Mortara"]
[Date "2014.09.19"]
[Round "1"]
[White "Vezzosi, Paolo"]
[Black "Rizzi, Pietro"]
[Result "1-0"]
[WhiteElo "2288"]
[BlackElo "1575"]
[PlyCount "53"]
[EventDate "2014.09.19"]
[EventType "swiss"]
[EventRounds "5"]
[EventCountry "ITA"]
[SourceTitle "EXT 2016"]
[Source "ChessBase"]
[SourceDate "2015.10.08"]
[SourceVersion "1"]
[SourceVersionDate "2015.10.08"]
[SourceQuality "1"]

1. d4 f5 2. g3 Nf6 3. Bg2 g6 4. c4 Bg7 5. Nf3 0-0 6. b4 d6 7. Bb2 Ne4 8. Qb3 c6 9. e3 Nd7 10. 0-0 Ndf6 11. Ne1 d5 12. c5 Qc7 13. f3 Ng5 14. Nd2 Kh8 15. a4 Bd7 16. Nd3 Nf7 17. Bc3 g5 18. b5 Nh5 19. Rfe1 e5 20. dxe5 Nxe5 21. Nxe5 Bxe5 22. f4 Bxc3 23. Qxc3+ Kg8 24. fxg5 Rae8 25. bxc6 Bxc6 26. Qd4 Ng7 27. Bxd5+ 1-0

[Event "Lodi Weekend Wasken Boys 2nd"]
[Site "Lodi"]
[Date "2014.06.07"]
[Round "3"]
[White "Rizzi, Pietro"]
[Black "Gorini, Michele"]
[Result "1-0"]
[WhiteElo "1579"]
[BlackElo "1527"]
[PlyCount "63"]
[EventDate "2014.06.06"]
[EventType "swiss"]
[EventRounds "5"]
[EventCountry "ITA"]
[SourceTitle "EXT 2024"]
[Source "ChessBase"]
[SourceDate "2023.10.10"]
[SourceVersion "1"]
[SourceVersionDate "2023.10.10"]
[SourceQuality "1"]

1. e4 b6 2. d4 Bb7 3. Bd3 Nf6 4. Nd2 e6 5. Ngf3 c5 6. c3 cxd4 7. cxd4 Nc6 8. 0-0 Bb4 9. Qe2 Bxd2 10. Bxd2 0-0 11. e5 a5 12. exf6 Qxf6 13. Qe4 g6 14. h4 Ra7 15. Qf4 Qxf4 16. Bxf4 Nb4 17. Rfd1 Rc8 18. Ne5 d6 19. Nf3 d5 20. a3 Nxd3 21. Rxd3 Ba6 22. Rc3 Raa8 23. Rac1 Rc4 24. b3 Rxc3 25. Rxc3 a4 26. b4 Bc4 27. Ne5 b5 28. Nd7 Ra7 29. Nf6+ Kg7 30. Be5 h5 31. Nxd5+ Kf8 32. Nb6 1-0

[Event "Lodi Weekend Wasken Boys 2nd"]
[Site "Lodi"]
[Date "2014.06.06"]
[Round "1"]
[White "Rizzi, Pietro"]
[Black "Raimondi, Sergio"]
[Result "1-0"]
[WhiteElo "1579"]
[BlackElo "1383"]
[PlyCount "53"]
[EventDate "2014.06.06"]
[EventType "swiss"]
[EventRounds "5"]
[EventCountry "ITA"]
[SourceTitle "EXT 2024"]
[Source "ChessBase"]
[SourceDate "2023.10.10"]
[SourceVersion "1"]
[SourceVersionDate "2023.10.10"]
[SourceQuality "1"]

1. e4 c5 2. c3 e6 3. d4 cxd4 4. cxd4 Nc6 5. Nf3 a6 6. Bd3 Nf6 7. Nc3 Qc7 8. Bg5 h5 9. Bxf6 gxf6 10. d5 Ne5 11. 0-0 Ng4 12. Kh1 Bd6 13. h3 Bf8 14. Rc1 Qd6 15. Qe2 Qb8 16. Nd1 Qf4 17. Qd2 Qd6 18. Ne3 Bh6 19. Rc2 Bf4 20. Nc4 Qb8 21. Qa5 Bc7 22. Qa3 Nh2 23. Nxh2 Bxh2 24. g3 Bxg3 25. fxg3 Qxg3 26. Be2 Qxh3+ 27. Qxh3 1-0

[Event "Vescovato Gerolamo op-B 13th"]
[Site "Vescovato"]
[Date "2014.04.25"]
[Round "2"]
[White "Maffeo, Mauro"]
[Black "Rizzi, Pietro"]
[Result "1-0"]
[WhiteElo "1746"]
[BlackElo "1597"]
[PlyCount "67"]
[EventDate "2014.04.25"]
[EventType "swiss"]
[EventRounds "6"]
[EventCountry "ITA"]
[SourceTitle "EXT 2024"]
[Source "ChessBase"]
[SourceDate "2023.10.10"]
[SourceVersion "1"]
[SourceVersionDate "2023.10.10"]
[SourceQuality "1"]

1. d4 f5 2. e3 Nf6 3. Bd3 d5 4. f4 e6 5. Nf3 c5 6. c3 Nc6 7. 0-0 Be7 8. Nbd2 Bd7 9. Ne5 Qc7 10. Ndf3 Ng4 11. Nxg4 fxg4 12. Ne5 Nxe5 13. fxe5 0-0-0 14. Qxg4 g6 15. Rf7 Rde8 16. Bd2 Kb8 17. Raf1 Qd8 18. Qh3 Ref8 19. Rxh7 Rxf1+ 20. Bxf1 Rf8 21. Qh6 Bc8 22. Qg7 Bg5 23. Qxg6 cxd4 24. cxd4 Be7 25. Rf7 Qe8 26. Rg7 Qd8 27. Qh7 Rh8 28. Qg6 Re8 29. Bb5 Rf8 30. Qd3 Rf5 31. Qe2 Qf8 32. Rg4 Qf7 33. Rf4 Qg6 34. Bd3 1-0

[Event "Crema op 12th"]
[Site "Crema "]
[Date "2010.09.05"]
[Round "4"]
[White "Acunzo, Domenico"]
[Black "Rizzi, Pietro"]
[Result "1/2-1/2"]
[WhiteElo "1802"]
[BlackElo "1579"]
[PlyCount "93"]
[EventDate "2010.09.05"]
[EventType "swiss"]
[EventRounds "6"]
[EventCountry "ITA"]
[SourceTitle "EXT 2012"]
[Source "ChessBase"]
[SourceDate "2011.11.24"]
[SourceVersion "1"]
[SourceVersionDate "2011.11.24"]
[SourceQuality "1"]

1. e4 c6 2. d4 d5 3. exd5 cxd5 4. c4 Nf6 5. Nc3 e6 6. Nf3 Be7 7. Bd3 0-0 8. 0-0 dxc4 9. Bxc4 Nc6 10. Bb3 Nd5 11. a3 b6 12. Re1 Bb7 13. Bc2 Re8 14. Ne4 Nf6 15. Qd3 Nxe4 16. Rxe4 g6 17. Bh6 Na5 18. Rg4 Bxf3 19. Qxf3 Bd6 20. Qh3 Qc7 21. Bd3 f5 22. Rc1 fxg4 23. Rxc7 gxh3 24. Rg7+ Kh8 25. Rd7 Bf8 26. Bg5 Bg7 27. gxh3 h6 28. Be7 Nc6 29. Bh4 Kh7 30. Bf6 Rg8 31. Be4 Raf8 32. Bxg7 Rxg7 33. Bxc6 Rxd7 34. Bxd7 Rd8 35. Bxe6 Rxd4 36. Kg2 Kg7 37. Kg3 Kf6 38. Bc8 a5 39. Ba6 Rd2 40. b3 Ke5 41. a4 Rb2 42. Bc4 Kf6 43. h4 Rd2 44. h3 Rd1 45. Kf3 Rh1 46. Kg2 Re1 47. Kf3 1/2-1/2

[Event "Crema op 12th"]
[Site "Crema "]
[Date "2010.09.05"]
[Round "3"]
[White "Rizzi, Pietro"]
[Black "Cervini, Ernesto"]
[Result "0-1"]
[WhiteElo "1579"]
[BlackElo "1833"]
[PlyCount "50"]
[EventDate "2010.09.05"]
[EventType "swiss"]
[EventRounds "6"]
[EventCountry "ITA"]
[SourceTitle "EXT 2012"]
[Source "ChessBase"]
[SourceDate "2011.11.24"]
[SourceVersion "1"]
[SourceVersionDate "2011.11.24"]
[SourceQuality "1"]

1. e4 c5 2. c3 Nc6 3. d4 cxd4 4. cxd4 e6 5. Nc3 d6 6. Nf3 Nf6 7. Be2 Be7 8. 0-0 0-0 9. Bg5 Nd7 10. Bxe7 Qxe7 11. a3 a6 12. b4 b5 13. Qb3 Bb7 14. Rac1 Qf6 15. Rfd1 Rac8 16. Qb2 Ne7 17. Qd2 h6 18. d5 e5 19. g4 g5 20. Kg2 Ng6 21. Bf1 Nf4+ 22. Kg3 Qg6 23. Qe3 Nf6 24. Qb6 h5 25. gxh5 N6xh5+ 0-1

[Event "Ceriano Laghetto op-B 17th"]
[Site "Ceriano Laghetto"]
[Date "2008.03.29"]
[Round "2"]
[White "Punteri, Marco"]
[Black "Rizzi, Pietro"]
[Result "1-0"]
[WhiteElo "1983"]
[BlackElo "1607"]
[PlyCount "53"]
[EventDate "2008.03.28"]
[EventType "swiss"]
[EventRounds "5"]
[EventCountry "ITA"]
[SourceTitle "EXT 2011"]
[Source "ChessBase"]
[SourceDate "2010.11.26"]
[SourceVersion "1"]
[SourceVersionDate "2010.11.26"]
[SourceQuality "1"]

1. e4 c6 2. d4 d5 3. exd5 cxd5 4. c4 Nf6 5. Nc3 e6 6. Nf3 Bb4 7. Bg5 Qa5 8. Bd2 Qd8 9. Bd3 Nc6 10. a3 Be7 11. Be3 Ng4 12. Bf4 Nf6 13. 0-0 Nh5 14. Be3 a6 15. Re1 Nf6 16. Rc1 Bd6 17. cxd5 Ne7 18. dxe6 Bxe6 19. Bg5 h6 20. Bxf6 gxf6 21. Ne4 Nd5 22. Nxd6+ Qxd6 23. Nd2 Nf4 24. Ne4 Qe7 25. Bc4 Rg8 26. Ng3 Rd8 27. Qf3 1-0

[Event "Crema op 06th"]
[Site "Crema"]
[Date "2004.09.05"]
[Round "5"]
[White "Rizzi, Pietro"]
[Black "Abbiati, Gianluigi"]
[Result "1/2-1/2"]
[WhiteElo "1450"]
[BlackElo "1593"]
[PlyCount "66"]
[EventDate "2004.09.03"]
[EventType "swiss"]
[EventRounds "6"]
[EventCountry "ITA"]
[SourceTitle "EXT 2007"]
[Source "ChessBase"]
[SourceDate "2006.11.23"]
[SourceVersion "1"]
[SourceVersionDate "2006.11.23"]
[SourceQuality "1"]

1. e4 c5 2. c3 d6 3. Nf3 Nf6 4. d3 e5 5. Be2 a6 6. Bg5 Nbd7 7. Nbd2 b5 8. 0-0 Be7 9. a4 Bb7 10. axb5 axb5 11. Rxa8 Bxa8 12. Qb3 Bc6 13. Ra1 Qb6 14. Qc2 0-0 15. b4 Ra8 16. Rxa8+ Bxa8 17. h3 h6 18. Be3 d5 19. Qa2 Bc6 20. Nb3 d4 21. Bd2 c4 22. Na5 cxd3 23. Nxc6 Qxc6 24. Bxd3 dxc3 25. Bc1 Nxe4 26. Qe2 Nef6 27. Nxe5 Nxe5 28. Qxe5 Qd6 29. Qxc3 Qxb4 30. Qxb4 Bxb4 31. Bxb5 Ne4 32. Bc6 Nc3 33. Bb2 Kh7 1/2-1/2

[Event "Crema op 06th"]
[Site "Crema"]
[Date "2004.09.05"]
[Round "6"]
[White "Rizzi, Pietro"]
[Black "Boninsegna, Ferdinando"]
[Result "1/2-1/2"]
[WhiteElo "1450"]
[BlackElo "1571"]
[PlyCount "34"]
[EventDate "2004.09.03"]
[EventType "swiss"]
[EventRounds "6"]
[EventCountry "ITA"]
[SourceTitle "EXT 2007"]
[Source "ChessBase"]
[SourceDate "2006.11.23"]
[SourceVersion "1"]
[SourceVersionDate "2006.11.23"]
[SourceQuality "1"]

1. e4 e6 2. d4 d5 3. Nd2 Nf6 4. e5 Nfd7 5. Bd3 c5 6. c3 Nc6 7. Ne2 Be7 8. Nf3 b6 9. 0-0 0-0 10. Bf4 Bb7 11. Qd2 f5 12. Ng5 Bxg5 13. Bxg5 Qe8 14. f4 h6 15. Bh4 a6 16. Bc2 b5 17. Qd3 Qh5 1/2-1/2

[Event "Arvier op 1st"]
[Site "Arvier"]
[Date "2004.01.05"]
[Round "6"]
[White "Rizzi, Pietro"]
[Black "Marguerettaz, Davy"]
[Result "1/2-1/2"]
[WhiteElo "1413"]
[BlackElo "1600"]
[PlyCount "50"]
[EventDate "2004.01.02"]
[EventType "swiss"]
[EventRounds "7"]
[EventCountry "ITA"]
[SourceTitle "CBM 098 Extra"]
[Source "ChessBase"]
[SourceDate "2004.03.10"]
[SourceVersion "2"]
[SourceVersionDate "2004.03.10"]
[SourceQuality "1"]

1. d4 c5 2. d5 d6 3. c4 e5 4. Nc3 f5 5. g3 Nf6 6. Bg5 Be7 7. Bg2 0-0 8. e3 h6 9. Bxf6 Bxf6 10. Nf3 e4 11. Nd2 Bxc3 12. bxc3 Qf6 13. Qc2 Re8 14. 0-0 Nd7 15. Qa4 Qxc3 16. Nb3 Qf6 17. Na5 Qf7 18. Qc2 g5 19. Rfb1 Rb8 20. Rb2 g4 21. Rab1 Ne5 22. Qa4 Nf3+ 23. Bxf3 exf3 24. Nxb7 Bd7 25. Nxd6 Bxa4 1/2-1/2